| 000 | nam a22 a 4500 | ||
|---|---|---|---|
| 999 |
_c171117 _d171117 |
||
| 003 | BLK | ||
| 005 | 20220610080226.0 | ||
| 008 | 180411b bul|||||r ||||||| ||bul|| | ||
| 010 | _aKNG00179364000 | ||
| 040 | _aBLK | ||
| 041 |
_aBUL _cBUL |
||
| 080 |
_aИстория на Русия и СССР. Вж и 936 ; 957 _b94(470) _x-8 _z94(470)-8 |
||
| 139 |
_aОт "Аврора" до "Восход" _bО 88 |
||
| 245 | 1 | 0 |
_aОт "Аврора" до "Восход" _bОктомврийски спектър : 1917 - 1967 _cсъстав. и ред. Борис Иванов; * Валентин Караманчев; * Елка Дочева; * Светослав Славчев; * Филип Панайотов; * Борис Иванов. |
| 257 | _aBGR | ||
| 260 |
_bНар. младеж _c1967 _aСофия |
||
| 300 |
_a544 с. _bс ил. и факс. _c25 см |
||
| 380 | _a9 | ||
| 500 | _aДруги състав. и ред. : Валентин Караманчев, Елка Дочева, Светослав Славчев, Филип Панайотов, Борис Иванов. - 10 000 тир. | ||
| 650 | 4 |
_aРусия - история, нова _9260867 |
|
| 650 | 4 |
_aСССР - история, нова _9256440 |
|
| 650 | 4 |
_aВеликата октомврийска социалистическа революция _9269755 |
|
| 653 | _aРусия | ||
| 653 | _aСъветски съюз | ||
| 653 | _aВОСР | ||
| 700 | 1 |
_aИванов, Борис _eсъстав. и ред. _9366245 |
|
| 700 | 1 |
_aКараманчев, Валентин _e* _9382764 |
|
| 700 | 1 |
_aДочева, Елка _e* _9378391 |
|
| 700 | 1 |
_aСлавчев, Светослав _e* _9370044 |
|
| 700 | 1 |
_aПанайотов, Филип _e* _9364238 |
|
| 700 | 1 |
_aИванов, Борис _e* _9366245 |
|
| 852 |
_aЦб 42944 _bЦб |
||
| 856 | 4 | _qpdf | |
| 856 | 4 | _qpdf | |
| 942 |
_cKNG _n0 _s1 |
||
| 944 |
_aCR _c10.08.2015 _kКети_Илиева |
||
| 944 |
_aED _c10.08.2015 _kКети_Илиева |
||
| 999 | _d171117 | ||